000 03026cad a22003735a 4500
005 20241206152037.0
008 230523e20230516xxk fo 000 0 eng d
020 _a978178321498
041 0 _aeng
100 _aPearson, Christopher
110 2 _aRoyal Institution of Chartered Surveyors
_94900
245 0 0 _aGuidelines for the use of GNSS in land surveying and mapping
_h[electronic resource]
250 _a3rd ed.
260 _aLondon,
_bRICS,
_c16 May 2023
300 _a63p.
_c30cm.
490 0 _aRICS Professional Standard
490 0 _aRICS Professional Standard Global
520 _aThis third edition of the Use of GNSS in surveying and mapping has been prepared by RICS in partnership with Newcastle University, and with the help of an extensive expert peer review process. The standard forms part of a series of standards and best practice intended to assist all those connected with the requesting, purchase and production of surveys and mapping data at all scales, by spreading good practice and seeking to avoid duplication of effort. This document has been written primarily with two goals in mind: 1) to provide the surveyor with a set of practical operational guidelines, which can be used when undertaking any survey that includes GNSS techniques. Sufficient information is also included to allow the surveyor to generate a set of GNSS survey procedures applicable to a survey task required by the client 2) to provide the client, or purchaser of spatial information generated from a GNSS survey, with sufficient information to write a task specific specification for a GNSS survey which sets out the accuracy requirements, products and a scope of work, from which the surveyor can accurately produce a bid for the survey. The new global 3rd edition features fully revised and updated sections on GNSS survey methods, control and errors, coordinate reference systems and projections, and a strong emphasis on quality control and office/processing procedures.
520 _aThere are other RICS publications related to the full range of geospatial/land surveying services such as: Measured Surveys of Land, Buildings and Utilities (3rd Edition) 2014 Earth observation and aerial surveys (6th Edition) 2021
520 _aSupersedes second edition (ISBN 9781842196076).
520 _aIn March 2023 a consultation went out for a 3rd edition
520 _aFinalised 3rd edition published May 2023 Effective 18 June 2023.
650 _aLAND SURVEYING
650 _aGLOBAL NAVIGATION SATELLITE SYSTEMS
650 _aMAPPING
651 4 _aInternational
690 _aGeomatics
_96242
700 _aEdwards, Stuart
700 _aPearson, Christopher
700 _aPenna, Nigel
710 _94900
_aRoyal Institution of Chartered Surveyors
856 4 1 _uhttps://www.rics.org/profession-standards/rics-standards-and-guidance/sector-standards/land-standards/guidelines-for-the-use-of-gnss-in-land-surveying-and-mapping
_zAvailable free on RICS.org
942 _n0
_2ddc
999 _c121504
_d121504